=LDR 00000nam 2200000 4500 =001 INLIS000000000023742 =005 20130612122356 =008 ***********************************Ind** =035 ##$$0010-061300000023742 =041 ##$$a Ind =082 ##$$a 658.573 =090 ##$$a 658.573, Ulr p =100 ##$$a Ulrich, Karl T =245 ##$$a Perancangan dan pengembangan produk, Karl T. Ulrich =260 ##$$a 2001 $b Jakarta =650 ##$$aa328 hlm, ilus, 26 cm =850 ##$$a Teknik